000 00663nam a2200181Ia 4500
008 151202s9999||||xx |||||||||||||| ||und||
082 _bPNVM-68004
100 _aइनामदार - साने रेखा.
245 _aबेगम बर्वे विषयी.
260 _b"राजहंस प्रकाशन, पुणे."
260 _c68004
300 _a167
600 _aइनामदार - साने रेखा.
630 _aबेगम बर्वे विषयी.
700 _aइनामदार - साने रेखा.
730 _aबेगम बर्वे विषयी.
942 _cBOOK
999 _c1334514
_d1334511